000 01373cam a2200373 a 4500
001 12736003
003 ARRUPE
005 20161025095545.0
008 020410s2001 bl d 000 0 eng
010 _a 2002279711
020 _a0060936940
020 _a0004724194
020 _a0004724151
040 _aDLC
_cDLC
_dDLC
041 0 _aengpor
050 0 0 _aPC5333
_b.W45 2001
082 0 0 _a469.3/21
_221
100 1 _aJohn Whitlam
_926959
245 1 0 _aCollins English-Portuguese, Português-Inglês dictionary /
_cJohn Whitlam, Vitoria Davies, Mike Harland.
246 1 4 _aHarper Collins Portuguese concise dictionary
246 1 8 _aPortuguese concise dictionary
250 _a4th ed.
260 _aGlasgow ;
_bHaper Collins,
_c2010.
300 _axx, 777 p. ;
_c20 cm.
650 0 _aEnglish language
_vDictionaries
_xPortuguese.
_926960
650 0 _aPortuguese language
_vDictionaries
_x.English
_926961
700 1 _aDavies, Vitoria.
_926962
700 1 _aHarland, Mike,
_d1949-
_926963
700 1 _aWhitlam, John.
_tCollins Portuguese dictionary.
_926964
856 4 2 _3Publisher description
_uhttp://www.loc.gov/catdir/description/hc041/2002279711.html
906 _a7
_bcbc
_corigcop
_d2
_encip
_f20
_gy-gencatlg
942 _2lcc
_cREFERENCE
999 _c125572
_d125572